International marketing /

Đã lưu trong:
Chi tiết về thư mục
Tác giả chính: Terpstra, Vern
Tác giả khác: Sarathy, Ravi
Định dạng: Sách
Ngôn ngữ:Tiếng Anh
Được phát hành: Fort Worth : Dryden, c1983.
Phiên bản:3rd ed.
Những chủ đề:
Các nhãn: Thêm thẻ
Không có thẻ, Là người đầu tiên thẻ bản ghi này!

MARC

LEADER 00000cam a22000002a 4500
001 0000036748
003 DAYSTAR
005 20171002023920.0
008 061005s2000 xx 001 0 eng d
020 |a 0030627346 
040 |a Daystar  |d BNjogu 
050 0 0 |a HF5415.122  |b .T37 
100 1 |a Terpstra, Vern. 
245 1 0 |a International marketing /  |c Vern Terpstra. 
250 |a 3rd ed. 
260 |a Fort Worth :  |b Dryden,  |c c1983. 
300 |a xiii, 702 p. 
650 0 |a International marketing. 
650 0 |a International trade. 
700 1 |a Sarathy, Ravi. 
908 |a 061005 
942 |c G 
952 |0 0  |1 0  |4 0  |6 HF_5415_122000000000000_T37  |7 0  |9 79930  |a DUN  |b DUN  |c GC  |d 2017-09-28  |l 0  |o HF5415.122.T37  |p BK032795  |r 2017-09-28 00:00:00  |t c.  |w 2017-09-28  |x 11617  |y G 
989 |a 1488783258 
999 |c 40872  |d 40872